| 000 | 00684nam a22002052 4500 | ||
|---|---|---|---|
| 001 | 0000009387 | ||
| 005 | 20151217152054.0 | ||
| 008 | 081012s xx 000 0 eng d | ||
| 020 |
_a1844740529 : _cKES 1950 |
||
| 040 |
_aKABU _cKABU |
||
| 100 | 1 |
_aBlomberg, Craig L. _@0000148903 |
|
| 245 | 1 | 0 |
_aFrom Pentecost to Patmos : _bActs to Revelation; an inroduction and survey / _cCraig L. Blomberg. |
| 260 |
_aNottingham, England : _bAPOOLOS, _c2006. |
||
| 300 | _axiv, 577 p. | ||
| 650 | 0 |
_aPaul, the Apostle, Saint. _@0000159056 |
|
| 650 | 0 |
_aBible .N. T. Acts and Episle _xStudy. _@0000160675 |
|
| 908 | _a081012 | ||
| 950 | _@1 | ||
| 999 |
_c7894 _d7894 |
||